Billie Eilish - wish you were gay lyrics - Statistics

General Stats
  • This quiz has been taken 644 times
    514 since last reset
  • The average score is 207 of 257
Answer Stats
Answer % Correct
I
100%
you
99%
you?
99%
a
97%
do
96%
just
95%
Just
95%
were
95%
we're
95%
wish
95%
feel
94%
gay
94%
so
93%
don't
92%
Don't
92%
When
92%
is
91%
Is
91%
make
91%
the
91%
kinda
90%
never
90%
six
90%
go"
89%
all
88%
okay
88%
say
88%
way
88%
way?
88%
other
87%
wanna
87%
not
86%
words
86%
But
85%
good"
85%
five
84%
understood
84%
"Baby
83%
look
83%
how
82%
How
82%
"I'll
82%
let
82%
an
81%
away
79%
can't
77%
much
77%
didn't
76%
to
76%
To
76%
stay
75%
tell
75%
your
74%
four
73%
my
73%
there
73%
day
72%
one
72%
alone
70%
I'm
70%
in
69%
like
69%
two
69%
and
68%
And
68%
you'll
68%
for
67%
If
67%
am
65%
it
65%
minutes
65%
that
65%
at
64%
sexual
64%
step
64%
type
64%
nothing's
63%
reason
63%
wrong
63%
days
62%
felt
62%
of
62%
supposed
62%
me
61%
us
61%
12
60%
long
60%
orientation
60%
seven
60%
walk
60%
crowd
59%
Ten
59%
Nine
58%
11
57%
made
57%
pride
57%
three's
57%
times
57%
ate
56%
fingers
56%
has
56%
laugh
56%
preferred
55%
give
54%
lack
54%
selfish
54%
slipped
54%
explanation
53%
through?
52%
blue
51%
hair
51%
interest
51%
out
51%
tearin'
51%
another
50%
was
49%
along
48%
conversation's
47%
"heys"
47%
Our
47%
stand
46%
Stand
46%
spare
44%
helpless
43%
yeah
37%
hmm
10%
No matching quizzes found
Score Distribution
Percent of People with Each Score
Percentile by Number Answered
Your Score History
You have not taken this quiz since the last reset